000 00648cam a22002413a 4500
001 23840
003 PGUSA
005 20140828083516.0
008 071213s2007||||xxu|||||s|||||000 | eng d
040 _aPGUSA
_beng
042 _adc
050 4 _aB
100 1 _aZhu, Xi,
_d1130-1200
245 1 0 _aθΏ‘ζ€ιŒ„
_h[electronic resource] /
_cXi Zhu
260 _bProject Gutenberg,
_c2007
506 _aPublic domain in the USA.
516 _aElectronic text
653 _aPhilosophy, Chinese -- Early works to 1800
740 0 _aJin Si Lu
830 0 _aProject Gutenberg
_v23840
856 4 0 _uhttp://www.gutenberg.org/ebooks/23840
942 _cEB
999 _c253095
_d253095